000 00692cam a22002413a 4500
001 1305
003 PGUSA
005 20140828082959.0
008 040601s2004||||xxu|||||s|||||000 1 eng d
040 _aPGUSA
_beng
042 _adc
050 4 _aPQ
100 1 _aBalzac, Honoré de,
_d1799-1850
245 1 4 _aThe Ball at Sceaux
_h[electronic resource] /
_cHonoré de Balzac
260 _bProject Gutenberg,
_c2004
506 _aPublic domain in the USA.
516 _aElectronic text
653 _aFrench fiction -- Translations into English
700 1 _aBell, Clara,
_d1834-1927
830 0 _aProject Gutenberg
_v1305
856 4 0 _uhttp://www.gutenberg.org/ebooks/1305
942 _cEB
999 _c230653
_d230653